The Matrix Characters - Statistics

General Stats
  • This quiz has been taken 39 times
  • The average score is 8 of 16
Answer Stats
Hint Character % Correct
Protagonist Neo
100%
Protagonist's Mentor Morpheus
95%
Main Antagonist Agent Smith
89%
Protagonist's Love Interest Trinity
89%
Psychological Seer Oracle
78%
Ship Operator Tank
70%
Traitor Cypher
65%
Crew Member Dozer
57%
Youngest Crew Member Mouse
57%
Crew Member Switch
46%
Crew Member Apoc
32%
Minor Antagonist Agent Brown
14%
Minor Antagonist Agent Jones
11%
Protagonist's Old Boss Rhineheart
8%
Illegal Buyer Choi
5%
Illegal Buyer's Girlfriend Dujour
5%
No matching quizzes found
Score Distribution
Percent of People with Each Score
Percentile by Number Answered
Your Score History
You have not taken this quiz